| 000 | 00493nam a2200181Ia 4500 | ||
|---|---|---|---|
| 005 | 20250508154727.0 | ||
| 008 | 008 250505s9999 xx 000 0 eng d | ||
| 037 | _aTextual | ||
| 040 |
_aFEDL _beng _cFEDL |
||
| 041 |
_aeng _2eng |
||
| 084 |
_a373.42, MCC _qFEDL |
||
| 100 |
_aMcconnell J D R _9765948 |
||
| 245 | 0 | _aEton-how it works | |
| 260 |
_aLondon, UK _bFaber and Faber Limited _c1967 |
||
| 300 | _a213p. | ||
| 942 |
_cTEXL _h373.42, MCC |
||
| 999 |
_c1351825 _d1351825 |
||